=LDR 00000nam 2200000 4500 =001 INLIS000000000006883 =005 20251117012434 =035 ##$$a 0010-1125000757 =007 ta =008 251117###########################0#ind## =082 ##$$a 613.94 =084 ##$$a 613.94 BAD p =245 1#$$a Pelayanan KB Melalui Dokter Praktek Swasta (Laporan Pendahuluan) : $b - /$c Badan Koordinasi Keluarga Berencana Nasional =260 ##$:$b Badan Koordinasi Keluarga Berencana Nasional =300 ##$$a 13 hal : $b ilus ; $c 21 cm =650 #4$$a Keluarga Berencana =110 #$$a Badan Koordinasi Keluarga Berencana Nasional =856 ##$$a Perpustakaan Kemendukbangga